[Event "RUS-chT Premier 2019"]
[Site "Sochi"]
[Date "2019.05.03"]
[Round "3.4"]
[White "Shubin, Kirill"]
[Black "Lintchevski, Daniil"]
[Result "1/2-1/2"]
[WhiteElo "2404"]
[BlackElo "2525"]
[Annotator "TA"]
[PlyCount "81"]
[EventDate "2019.05.01"]
[EventType "team-tourn"]
[EventCountry "RUS"]
[SourceTitle "playchess.com"]
[Source "ChessBase"]
[SourceQuality "1"]

{[%evp 23,81,12,-1,-25,4,0,0,0,0,0,0,0,0,0,0,0,0,0,0,0,0,0,0,0,0,0,0,0,0,0,0,0,0,0,0,0,0,0,0,0,0,0,0,0,0,0,0,0,0,0,0,0,0,0,0,0,0,0,0,0]} 1. e4 c5 2. Nf3 g6 3. d4 cxd4 4. Nxd4 Nc6 5. Nc3 Bg7 6. Be3 Nf6 7. Be2 O-O 8. O-O d5 9. exd5 Nxd5 10. Nxd5 Qxd5 11. Bf3 Qa5 12. Bxc6 bxc6 13. c3 {[#] B34: Sicilian: Accelerated Dragon with 5 Nc3: sidelines} Qd5 $146 ({Predecessor:} 13... Qc7 14. Qc1 c5 15. Nb3 c4 16. Nc5 Rd8 17. b4 Bf5 18. a4 Rd5 19. a5 a6 20. Ra2 Qc6 {0-1 (42) Palacios,E (2160)-Cori Tello,J (2549) Lima 2015}) 14. Qa4 {The position is equal.} Bb7 15. Nb3 c5 {[%csl Gb7][%cal Rd5g2] [#]} 16. f3 Bc6 17. Qa3 c4 18. Na5 Rfb8 19. Rad1 Qb5 20. Qc5 Qxc5 21. Bxc5 Ba4 22. Rd2 Rb5 23. Bb4 Rxb4 $1 24. cxb4 c3 25. bxc3 Bxc3 26. Rd5 e6 27. Rc1 exd5 28. Rxc3 $11 {[%mdl 4096] Endgame KRB-KRN} d4 29. Rd3 Rc8 30. Rxd4 Rc1+ 31. Kf2 Rc2+ 32. Kg3 Rxa2 33. Nc4 Bb5 34. h4 Bxc4 35. Rxc4 {KR-KR} h5 36. Rc7 Rb2 37. Rxa7 Rxb4 38. Kh3 Kg7 39. Ra6 Rc4 40. Rb6 Rd4 41. Ra6 {Accuracy: White = 96%, Black = 93%.} 1/2-1/2

[Event "RUS-chT Premier 2019"]
[Site "Sochi"]
[Date "2019.05.03"]
[Round "3.5"]
[White "Levin, Evgeny A."]
[Black "Saveliev, Alexei"]
[Result "1/2-1/2"]
[WhiteElo "2516"]
[BlackElo "2367"]
[Annotator "ChessBase"]
[PlyCount "120"]
[EventDate "2019.05.01"]
[EventType "team-tourn"]
[EventCountry "RUS"]
[SourceTitle "playchess.com"]
[Source "ChessBase"]
[SourceQuality "1"]
[TimeControl "40/5400+30:1800+30"]

1. d4 {[%emt 0:00:00]} Nf6 {[%emt 0:00:00]} 2. c4 {[%emt 0:00:00]} e6 {[%emt 0:00:00]} 3. Nf3 {[%emt 0:00:00]} b6 {[%emt 0:00:02]} 4. g3 {[%emt 0:00:09]} Bb7 {[%emt 0:00:08]} 5. Bg2 {[%emt 0:00:08]} Be7 {[%emt 0:00:12]} 6. O-O {[%emt 0:00:07]} O-O {[%emt 0:00:07]} 7. d5 {[%emt 0:00:34]} exd5 {[%emt 0:01:49]} 8. Nh4 {[%emt 0:04:22]} c6 {[%emt 0:00:14]} 9. cxd5 {[%emt 0:00:07]} Nxd5 {[%emt 0:00:11]} 10. Nf5 {[%emt 0:00:17]} Nc7 {[%emt 0:08:53]} 11. e4 {[%emt 0:00:38]} d5 {[%emt 0:00:09]} 12. Nc3 {[%emt 0:01:54]} Bf6 {[%emt 0:06:14]} 13. exd5 {[%emt 0:02:32]} Nxd5 {[%emt 0:02:58]} 14. Nxd5 {[%emt 0:00:15]} cxd5 {[%emt 0:00:05]} 15. Ne3 {[%emt 0:00:04]} Na6 {[%emt 0:12:27]} 16. Nxd5 {[%emt 0:00:27]} Nc5 {[%emt 0:02:45]} 17. Rb1 {[%emt 0:01:19]} Rc8 {[%emt 0:07:26]} 18. b4 {[%emt 0:02:55]} Bxd5 {[%emt 0:00:22]} 19. Bxd5 {[%emt 0:00:28]} Ne6 {[%emt 0:01:24]} 20. Be3 {[%emt 0:00:34]} Qe7 {[%emt 0:03:06]} 21. Qg4 {[%emt 0:04:47]} Rfd8 {[%emt 0:05:20]} 22. Rfd1 {[%emt 0:11:34]} Rc7 {[%emt 0:09:09]} 23. Bb3 {[%emt 0:21:09]} Rcd7 {[%emt 0:01:44]} 24. Rxd7 {[%emt 0:02:03]} Rxd7 {[%emt 0:02:19]} 25. Rc1 {[%emt 0:04:12]} g6 {[%emt 0:07:21]} 26. Qe4 {[%emt 0:24:13]} Kg7 {[%emt 0:03:21]} 27. Bxe6 {[%emt 0:12:12]} Qxe6 {[%emt 0:00:42]} 28. Qxe6 {[%emt 0:00:05]} fxe6 {[%emt 0:00:02]} 29. b5 {[%emt 0:00:43]} Be5 {[%emt 0:13:41]} 30. Kg2 {[%emt 0:01:05]} Kf6 {[%emt 0:00:14]} 31. Rc4 {[%emt 0:03:09]} Rd5 {[%emt 0:01:04]} 32. a4 {[%emt 0:01:22]} Rd3 {[%emt 0:01:18]} 33. Rc8 {[%emt 0:02:18]} Bd4 {[%emt 0:04:11]} 34. Rd8 {[%emt 0:00:24]} e5 {[%emt 0:00:01]} 35. Rd7 {[%emt 0:00:41]} h5 {[%emt 0:01:10]} 36. Kf3 {[%emt 0:00:40]} Ra3 {[%emt 0:01:07]} 37. Rxa7 {[%emt 0:00:16]} Kf5 {[%emt 0:00:15]} 38. Rf7+ {[%emt 0:00:07]} Ke6 {[%emt 0:00:18]} 39. Rb7 {[%emt 0:00:58]} Kf5 {[%emt 0:01:50]} 40. Ke2 {[%emt 0:00:00]} Bxe3 {[%emt 0:00:00]} 41. fxe3 {[%emt 0:01:02]} Ke4 {[%emt 0:09:12]} 42. Rxb6 {[%emt 0:02:53]} Rxa4 {[%emt 0:00:33]} 43. Rxg6 {[%emt 0:09:21]} Ra2+ {[%emt 0:01:50]} 44. Kd1 {[%emt 0:00:08]} Kxe3 {[%emt 0:01:59]} 45. b6 {[%emt 0:03:46]} Rxh2 {[%emt 0:06:42]} 46. Kc1 {[%emt 0:01:07]} Rh1+ {[%emt 0:00:04]} 47. Kc2 {[%emt 0:01:30]} Rh2+ {[%emt 0:00:02]} 48. Kc3 {[%emt 0:02:01]} Rh1 {[%emt 0:00:03]} 49. Kb2 {[%emt 0:03:34]} Rh2+ {[%emt 0:00:08]} 50. Ka3 {[%emt 0:02:03]} Rh1 {[%emt 0:00:05]} 51. Rc6 {[%emt 0:01:59]} Ra1+ {[%emt 0:07:58]} 52. Kb4 {[%emt 0:00:49]} Rb1+ {[%emt 0:00:55]} 53. Kc5 {[%emt 0:01:04]} Kf3 {[%emt 0:03:19]} 54. Rh6 {[%emt 0:00:33]} Kxg3 {[%emt 0:00:32]} 55. Rxh5 {[%emt 0:00:04]} e4 {[%emt 0:00:04]} 56. Kc6 {[%emt 0:00:40]} e3 {[%emt 0:00:08]} 57. Re5 {[%emt 0:00:13]} Kf2 {[%emt 0:00:08]} 58. b7 {[%emt 0:01:37]} Rxb7 {[%emt 0:00:15]} 59. Kxb7 {[%emt 0:00:03]} e2 {[%emt 0:00:03]} 60. Rxe2+ {[%emt 0:00:06]} Kxe2 1/2-1/2

[Event "RUS-chT Premier 2019"]
[Site "Sochi"]
[Date "2019.05.03"]
[Round "3.6"]
[White "Askerov, Marat"]
[Black "Ivanov, Sergey"]
[Result "1/2-1/2"]
[WhiteElo "2315"]
[BlackElo "2504"]
[Annotator "ChessBase"]
[PlyCount "74"]
[EventDate "2019.05.01"]
[EventType "team-tourn"]
[EventCountry "RUS"]
[SourceTitle "playchess.com"]
[Source "ChessBase"]
[SourceQuality "1"]
[TimeControl "40/5400+30:1800+30"]

1. d4 {[%emt 0:00:00]} e6 {[%emt 0:00:00]} 2. Nf3 {[%emt 0:00:03]} Nf6 {[%emt 0:00:00]} 3. g3 {[%emt 0:00:06]} d5 {[%emt 0:02:18]} 4. Bg2 {[%emt 0:00:26]} b5 {[%emt 0:03:51]} 5. a4 {[%emt 0:01:26]} b4 {[%emt 0:00:39]} 6. Nbd2 {[%emt 0:01:15]} c5 {[%emt 0:01:16]} 7. c4 {[%emt 0:02:28]} Bb7 {[%emt 0:02:34]} 8. O-O {[%emt 0:08:22]} Nbd7 {[%emt 0:01:29]} 9. a5 {[%emt 0:13:56]} Rc8 {[%emt 0:02:29]} 10. b3 {[%emt 0:10:34]} cxd4 {[%emt 0:11:01]} 11. Nxd4 {[%emt 0:07:00]} Bc5 {[%emt 0:01:55]} 12. Bb2 {[%emt 0:01:07]} O-O {[%emt 0:00:23]} 13. cxd5 {[%emt 0:02:47]} Nxd5 {[%emt 0:07:02]} 14. Ne4 {[%emt 0:05:42]} Qe7 {[%emt 0:05:15]} 15. Qd2 {[%emt 0:11:13]} Rfd8 {[%emt 0:04:28]} 16. Nxc5 {[%emt 0:06:09]} Nxc5 {[%emt 0:01:57]} 17. Bxd5 {[%emt 0:01:27]} Bxd5 {[%emt 0:09:58]} 18. Qxb4 {[%emt 0:00:09]} Qf6 {[%emt 0:24:33]} 19. Rac1 {[%emt 0:07:46]} e5 {[%emt 0:11:42]} 20. Rxc5 {[%emt 0:05:32]} exd4 {[%emt 0:01:35]} 21. Rxc8 {[%emt 0:03:44]} Rxc8 {[%emt 0:00:02]} 22. Qxd4 {[%emt 0:01:51]} Qxd4 {[%emt 0:00:48]} 23. Bxd4 {[%emt 0:00:01]} a6 {[%emt 0:00:22]} 24. b4 {[%emt 0:01:33]} Rc2 {[%emt 0:01:52]} 25. Re1 {[%emt 0:03:15]} Bc4 {[%emt 0:00:34]} 26. e4 {[%emt 0:01:40]} h5 {[%emt 0:00:22]} 27. Kg2 {[%emt 0:00:43]} Re2 {[%emt 0:00:51]} 28. Rc1 {[%emt 0:01:07]} Bd3 {[%emt 0:00:32]} 29. e5 {[%emt 0:01:25]} Be4+ {[%emt 0:00:59]} 30. Kf1 {[%emt 0:00:56]} Rd2 {[%emt 0:00:47]} 31. Be3 {[%emt 0:00:56]} Rb2 {[%emt 0:00:31]} 32. Bc5 {[%emt 0:00:35]} Bf3 {[%emt 0:00:47]} 33. Bd6 {[%emt 0:00:24]} Kh7 {[%emt 0:00:25]} 34. Ke1 {[%emt 0:00:05]} Re2+ {[%emt 0:00:15]} 35. Kf1 {[%emt 0:00:03]} Rb2 {[%emt 0:00:16]} 36. Ke1 {[%emt 0:01:02]} Re2+ {[%emt 0:01:11]} 37. Kf1 {[%emt 0:00:02]} Rb2 1/2-1/2

[Event "RUS-chT Premier 2019"]
[Site "Sochi"]
[Date "2019.05.03"]
[Round "3.7"]
[White "Inarkiev, Ernesto"]
[Black "Potkin, Vladimir"]
[Result "1-0"]
[WhiteElo "2691"]
[BlackElo "2590"]
[Annotator "TA"]
[PlyCount "169"]
[EventDate "2019.05.01"]
[EventType "team-tourn"]
[EventCountry "RUS"]
[SourceTitle "playchess.com"]
[Source "ChessBase"]
[SourceQuality "1"]

{[%evp 12,169,-2,0,0,0,16,0,0,8,26,25,38,25,31,31,35,11,16,24,35,20,41,35,29,0,0,0,34,39,55,41,65,54,97,110,95,68,84,52,143,132,141,94,97,100,99,100,99,90,177,121,144,115,115,115,115,115,115,104,99,95,124,96,98,88,100,0,121,123,124,125,125,147,149,62,62,63,62,62,62,64,64,52,97,97,90,94,96,76,78,72,75,72,72,72,72,65,65,72,72,65,65,8,48,48,122,120,122,122,130,130,130,130,130,129,137,130,167,159,152,130,138,135,152,147,152,152,152,152,149,128,152,138,145,130,130,130,130,130,131,131,138,138,138,130,130,130,130,130,138,138,138,132,132,137,139,137,29990,29991]} 1. e4 e5 2. Nf3 Nc6 3. Bb5 Nf6 4. O-O Nxe4 5. d4 Nd6 6. dxe5 Nxb5 7. a4 {[#]} Nbd4 $1 {[%mdl 512] C67: Ruy Lopez: Berlin Defence: 4 0-0 Nxe4} 8. Nxd4 d6 9. Nxc6 bxc6 {The position is equal.} 10. Re1 Be7 $146 (10... dxe5 {looks sharper.} 11. Rxe5+ Be6 12. Qf3 Qd7 13. h3 Bd6) ({Predecessor:} 10... dxe5 11. Rxe5+ Be6 12. Qf3 Qd7 13. Nc3 Bd6 14. Re2 O-O 15. h3 {1-0 (36) Naiditsch,A (2710)-Adams,M (2708) Astana 2019}) 11. exd6 Qxd6 12. Qe2 Be6 13. Nd2 {[%cal Bb1d2,Bd2c4,Bc4e5,Be5c6][%mdl 32]} O-O 14. Nc4 Qd4 15. Ne5 Bd6 16. Nxc6 Qh4 17. Ne5 Rfe8 {Strongly threatening ...Bd7!} 18. Nf3 Qh5 19. Bd2 h6 20. Qb5 $36 {[%mdl 2048] White has some pressure.} c5 21. Bc3 Red8 22. Be5 Rab8 23. Qa5 {Hoping for Rad1.} Bd5 24. Rad1 (24. Qxa7 $2 Ra8 $19) 24... Bxf3 25. Rxd6 Re8 ({Black should play} 25... Rxd6 $14 26. Bxd6 Qg5) 26. Bg3 $1 $16 (26. gxf3 Rxe5 27. Rd8+ Rxd8 $16) (26. Qxc5 $2 Qg4 $1 $19 {[%mdl 512]}) 26... Be4 27. Rd2 (27. Qxa7 Ra8 $14) 27... Bc6 {[%cal Re8e1]} 28. Rxe8+ Rxe8 {[%cal Re8e1]} 29. h4 $1 Qg4 {( -> ...Re1+)} 30. Kh2 (30. Qxa7 {leads to mate.} Re1+ 31. Kh2 Rh1+ $1 {[%mdl 512]} 32. Kxh1 Qh3+ 33. Bh2 Qxg2#) 30... g5 (30... Qb4 $16 {is a better defense.} 31. Qxb4 cxb4) 31. f3 ({Wrong is} 31. Qxa7 $2 gxh4 32. Qc7 hxg3+ 33. Qxg3 Qxg3+ 34. Kxg3 Bxa4 $19) ({White should try} 31. Qxc5 $18 gxh4 32. Qxc6 {[%mdl 64] Double Attack} hxg3+ 33. fxg3) 31... Qxa4 32. Qxc5 {c4 is the strong threat.} gxh4 33. Bd6 Qb5 34. c4 Qxc5 35. Bxc5 {[%mdl 4096] Endgame KRB-KRB} a5 36. b3 Re1 37. Rd6 Re6 38. Rd8+ Re8 39. Rd2 Re1 $1 40. Bb6 Rb1 {and if ...a4 works, Black does fine.} 41. Rd6 Bb7 42. Rd8+ Kh7 43. Rd7 (43. Rf8 $16 Kg6 44. Rb8 (44. Bxa5 Rxb3 45. Rb8 Rb1 $16)) 43... Bc8 $14 44. Rxf7+ Kg6 45. Rf8 Rxb3 46. Bxa5 Be6 47. c5 Rb5 48. Bd8 {And now Rf6+ would win.} Bf7 49. Be7 Rb4 50. Rd8 Be6 51. Rd6 Kf7 52. Bd8 Rc4 53. c6 h5 54. Bg5 h3 $1 55. gxh3 h4 56. Kg2 Rc2+ 57. Bd2 ({Better is} 57. Rd2 $14 Rxd2+ 58. Bxd2) 57... Ke7 58. Rd4 Rxc6 (58... Bf5 $14) 59. Rxh4 $16 Rc2 60. Rd4 Rc4 61. Bg5+ Kf7 62. Rd6 Rc2+ 63. Kg3 Re2 64. h4 Kg6 65. Kf4 Re1 66. Rd8 Bf7 67. Rb8 Re2 68. Rb6+ Be6 69. Bd8 Re1 70. Ra6 Re2 71. Ba5 Kh5 72. Bc3 Bf7 73. Be5 Ra2 74. Rf6 Bg6 75. Rf8 {aiming for Rh8+.} Ra7 76. Kg3 Rf7 77. Rg8 Re7 78. Bf4 Re8 79. Rg7 Rf8 80. Rb7 Rf7 81. Rb8 Bd3 82. Rb6 {[%csl Gf4][%cal Rb6h6]} Bg6 83. Bg5 Rf8 84. Bf6 Bd3 $2 {[%mdl 8192] [#]} (84... Rf7 $16 85. Rb5+ Kh6) 85. Bg7 $1 {Accuracy: White = 69%, Black = 46%.} 1-0

[Event "RUS-chT Premier 2019"]
[Site "Sochi"]
[Date "2019.05.03"]
[Round "3.8"]
[White "Chigaev, Maksim"]
[Black "Malakhov, Vladimir"]
[Result "1/2-1/2"]
[WhiteElo "2637"]
[BlackElo "2660"]
[Annotator "TA"]
[PlyCount "97"]
[EventDate "2019.05.01"]
[EventType "team-tourn"]
[EventCountry "RUS"]
[SourceTitle "playchess.com"]
[Source "ChessBase"]
[SourceQuality "1"]

{[%evp 14,97,0,-1,0,0,25,25,24,21,69,38,35,16,21,21,16,18,13,24,44,35,44,40,37,39,39,37,40,39,41,43,57,55,53,54,52,53,61,45,106,106,92,107,108,85,158,128,113,120,130,89,81,84,89,81,84,58,49,45,52,17,24,12,21,21,8,3,131,139,139,110,149,103,96,70,75,0,0,0,0,-26,-29,-45,-46,-135]} 1. e4 e5 2. Nf3 Nc6 3. d4 exd4 4. Nxd4 Bc5 5. Nb3 Bb6 6. Nc3 Nf6 7. Bg5 h6 8. Bh4 d6 {C45: Scotch Game} 9. f3 g5 10. Bg3 a6 {White has an edge.} 11. Qd2 Qe7 12. O-O-O Be6 13. Na4 $146 ({Predecessor:} 13. h4 O-O-O 14. Kb1 Nd7 15. Bf2 Qf6 16. Bxb6 Nxb6 {0-1 (45) Dominguez Perez,L (2752)-Andreikin,D (2736) Novi Sad 2016}) 13... Ba7 14. Na5 Nxa5 ({Not} 14... Bxa2 $2 15. Nxc6 bxc6 16. b3 $18 (16. Bxa6 Nd5 $14)) 15. Qxa5 Nh5 (15... Bxa2 $2 16. b3 $18) 16. Be1 Nf4 ({Don't go for} 16... Bxa2 $2 17. b3 $18) 17. g3 Ng6 18. Nc3 Ne5 19. Nd5 Bxd5 $1 20. Qxd5 O-O-O 21. Kb1 Kb8 22. Be2 Rhe8 23. Bc3 Bb6 24. Rhf1 c6 25. Qb3 Ka7 26. a4 Qe6 (26... a5 $14) 27. Qxe6 $16 Rxe6 28. b3 h5 29. h3 Rh6 ({Black should play} 29... Kb8) 30. f4 gxf4 31. gxf4 Nd7 32. Bc4 Nf6 33. a5 Bc7 34. e5 Ne4 35. Bd4+ c5 $1 {[%cal Rc5d4]} 36. Bb2 $36 {[%mdl 2048] White has some pressure.} Bxa5 37. Bxf7 {Hoping for e6.} dxe5 $1 38. fxe5 Nd2+ 39. Rxd2 Bxd2 40. h4 {[#] aiming for e6.} c4 $1 {[#]} 41. e6 $1 {[%cal Re6e7] Strongly threatening e7.} (41. bxc4 Bb4) 41... Bb4 42. Bc1 Rh7 43. Bg5 Rc8 44. bxc4 Rc7 45. Bf6 ({Better is} 45. Rf5 $16 Be7 46. c5) 45... Be7 $11 46. Bd4+ b6 47. Be5 Rc5 48. Bh2 {Rd1 is the strong threat.} Rh8 ({Don't play} 48... Rxc4 $6 49. Rd1 $14) 49. Bg6 {Accuracy: White = 58%, Black = 60%.} (49. Bf4 $15) 1/2-1/2

[Event "RUS-chT Premier 2019"]
[Site "Sochi"]
[Date "2019.05.03"]
[Round "3.9"]
[White "Dreev, Aleksey"]
[Black "Paravyan, David"]
[Result "1-0"]
[WhiteElo "2662"]
[BlackElo "2610"]
[Annotator "TA"]
[PlyCount "89"]
[EventDate "2019.05.01"]
[EventType "team-tourn"]
[EventCountry "RUS"]
[SourceTitle "playchess.com"]
[Source "ChessBase"]
[SourceQuality "1"]

{[%evp 13,91,0,20,0,8,0,0,0,0,8,0,0,0,0,10,5,53,46,56,58,49,48,60,51,156,141,145,125,134,123,124,70,69,68,63,70,63,62,67,70,117,122,119,113,115,113,173,183,183,183,229,178,248,183,179,125,182,179,172,126,143,116,186,182,185,190,323,328,322,330,546,547,541,533,674,669,675,665,643,628]} 1. d4 Nf6 2. Nf3 g6 3. g3 d5 4. Bg2 Bg7 5. O-O O-O 6. c4 c6 7. Qb3 a5 8. Bf4 {D78: Fianchetto Grünfeld: 6 0-0 c6} a4 9. Qb4 dxc4 10. Qxc4 {The position is equal.} Bf5 $146 ({Predecessor:} 10... Qa5 11. h3 Be6 12. Qc1 Rd8 13. Na3 Na6 14. Be5 Nb4 15. Nc4 Qb5 {1-0 (61) Dreev,A (2670)-Corrales Jimenez,F (2559) chess.com INT 2019}) 11. Rd1 Qa5 12. Ne5 Nfd7 {[%cal Rd7e5]} 13. Nf3 Na6 14. Qc1 b5 15. Bh6 Rac8 16. Bxg7 Kxg7 17. a3 c5 18. d5 b4 (18... f6 $14) 19. Nbd2 $1 $16 c4 20. Nd4 c3 21. Nxf5+ gxf5 22. axb4 (22. bxc3 $16 b3 23. Nf3) 22... Qxb4 $14 23. bxc3 Rxc3 24. Qb1 Qxb1 25. Nxb1 Rc4 26. Na3 $36 {[%mdl 2048] White has the initiative.} Rc5 27. d6 e5 {[#]} 28. Bh3 $1 e4 29. Rd4 Ra8 (29... Nab8 $16 {was necessary.}) 30. Nc4 $18 (30. Rxa4 $6 Nb6 $16) 30... Nab8 {White must now prevent ...Nc6.} 31. Ne3 $1 {[%csl LRa4,LRf5]} a3 32. Bxf5 Nc6 (32... Nf6 $142 33. g4 Nc6) 33. Rd2 ({But not} 33. Rxe4 $6 Nf6) 33... Nf6 34. d7 (34. g4 $18) 34... Kf8 (34... h5 $16 35. Rd6 Nd8) 35. g4 h6 36. h4 {aiming for g5.} Ke7 37. Kf1 {g5 is the strong threat.} Ra7 (37... Kd8 $16) 38. Rda2 Rca5 39. Nc4 Rc5 {[#]} (39... R5a6 {is a better defense.} 40. Rd1 (40. Rxa3 Rxa3 41. Nxa3 Ra5 $16) (40. Nxa3 Nxd7 41. Bxd7 Kxd7 $14) 40... Nd8) 40. Nb6 $1 {[%cal Rb6c8] Strongly threatening Nc8+.} ({Less strong is} 40. Rxa3 Rxa3 41. Nxa3 h5 $16) ({Not} 40. Nxa3 Rca5 $16) 40... Ra6 41. Nc8+ Kf8 $2 (41... Kd8 {keeps fighting.} 42. Rxa3 Rxa3 43. Rxa3 Kc7) 42. Rxa3 {White is clearly winning.} Rxa3 43. Rxa3 h5 44. Ra8 Nd8 45. g5 {Played: Nc8-d6} 1-0

[Event "RUS-chT Premier 2019"]
[Site "Sochi"]
[Date "2019.05.03"]
[Round "3.10"]
[White "Esipenko, Andrey"]
[Black "Zvjaginsev, Vadim"]
[Result "1/2-1/2"]
[WhiteElo "2620"]
[BlackElo "2635"]
[Annotator "TA"]
[PlyCount "97"]
[EventDate "2019.05.01"]
[EventType "team-tourn"]
[EventCountry "RUS"]
[SourceTitle "playchess.com"]
[Source "ChessBase"]
[SourceQuality "1"]

{[%evp 12,97,29,14,39,20,22,20,25,22,22,16,23,20,22,19,27,14,8,10,13,13,25,7,8,8,14,10,19,10,10,7,10,0,18,7,9,9,15,18,25,13,10,15,14,7,6,7,11,19,17,13,13,8,12,10,23,20,23,23,30,0,13,0,26,7,21,0,0,0,0,-7,-7,-8,8,8,13,8,17,22,29,0,0,0,0,0,0,0]} 1. d4 d5 2. c4 c6 3. Nf3 Nf6 4. Nc3 e6 5. Bg5 h6 6. Bxf6 Qxf6 7. e3 Bb4 {D43: Semi-Slav: 5 Bg5 h6} (7... Nd7 8. Be2 dxc4 9. O-O Bd6 10. Bxc4 Qe7 11. Rc1 O-O 12. Ne4 Bc7 13. Bb3 Kh8 14. Nc5 Nxc5 15. Rxc5 Rd8 16. Qc2 Bd7 17. Qe4 Bd6 18. Rc3 Rac8 19. Rfc1 Be8 20. h3 Rc7 21. a3 Rdc8 22. Bc2 g6 23. Nd2 c5 24. Bb3 {½-½ (24) Mamedyarov,S (2817)-Dubov,D (2703) St Petersburg 2018}) 8. Be2 O-O 9. O-O Nd7 10. Qc2 $146 ({Predecessor:} 10. Rc1) 10... Qe7 11. a3 Bxc3 12. Qxc3 dxc4 13. Qxc4 e5 14. Qc2 exd4 15. Nxd4 Nf6 16. Rfd1 c5 17. Nf5 Bxf5 18. Qxf5 Rad8 19. Bc4 (19. Bf3 {is more complex.} b6 20. h4 Nd7 21. Be2 Nf6 22. g3) 19... Rd6 20. Rxd6 Qxd6 21. Qf3 Qc7 22. Rd1 Rb8 23. Qe2 a6 24. Qd2 b5 25. Be2 c4 26. Qd4 Rb6 (26... Rc8 {feels hotter.} 27. h4 Qc5 28. Qd6 a5 29. Qf4 Nh5) 27. Qd8+ Qxd8 28. Rxd8+ $11 {[%mdl 4096] Endgame KRB-KRN} Kh7 29. f3 g5 30. Kf2 Kg7 31. Ke1 Re6 32. Kd2 Ne8 33. e4 Kf8 34. Rb8 Ke7 35. Rb7+ Kf8 36. Rb8 Ke7 37. Rb7+ Kf8 38. Bd1 Nd6 39. Ra7 f5 40. Bc2 fxe4 41. Bxe4 Nxe4+ 42. fxe4 Rxe4 43. Rxa6 {KR-KR} Rd4+ 44. Kc3 Rd3+ 45. Kc2 Kg7 46. Re6 Rd5 {The position is equal.} 47. Kc3 Rd3+ 48. Kc2 Rd5 49. Kc3 {Accuracy: White = 53%, Black = 80%.} 1/2-1/2

[Event "RUS-chT Premier 2019"]
[Site "Sochi"]
[Date "2019.05.03"]
[Round "3.11"]
[White "Kobalia, Mikhail"]
[Black "Antipov, Mikhail Al."]
[Result "1-0"]
[WhiteElo "2610"]
[BlackElo "2595"]
[Annotator "TA"]
[PlyCount "49"]
[EventDate "2019.05.01"]
[EventType "team-tourn"]
[EventCountry "RUS"]
[SourceTitle "playchess.com"]
[Source "ChessBase"]
[SourceQuality "1"]

{[%evp 13,49,14,18,16,3,9,16,10,18,21,47,30,43,33,43,27,39,37,46,39,43,45,60,39,45,48,206,195,262,251,452,168,509,484,843,836,733,722]} 1. e4 e6 2. d4 d5 3. Nc3 h6 4. Nf3 $146 ({Predecessor:} 4. Bd3 Nf6 {½-½ (11) Zaitsev,M (2471)-Malakhatko,V (2571) Belgium 2005}) 4... Nf6 5. Bd3 Bb4 6. exd5 exd5 7. O-O O-O 8. h3 {C01: French: Exchange Variation} Re8 9. Re1 Rxe1+ 10. Qxe1 {The position is equal.} c6 11. Bf4 Na6 12. a3 Bf8 13. Ne2 {[%cal Bc3e2,Be2g3,Bg3h5,Bh5f6][%mdl 32]} Nc7 14. Ne5 Nce8 15. c3 $36 {[%mdl 2048] White is pushing.} Nd6 16. Ng3 Qb6 17. Qe2 Nfe4 18. Re1 {[%cal Rg3e4]} Be6 19. Nh5 {And now f3 would win.} Re8 $2 (19... Qd8 $14) 20. f3 $18 ({Stronger than} 20. Bxe4 Nxe4 21. f3 Nd6 $11) 20... f6 (20... Ng5 $142) 21. fxe4 dxe4 $2 (21... fxe5 22. exd5 (22. Bxe5 dxe4 23. Bxe4 Nxe4 $16) 22... cxd5) 22. Bxe4 $2 (22. Ng4 Qd8 23. Bxd6 Bxd6 24. Qxe4) 22... Nxe4 $2 (22... fxe5 {is more resistant.} 23. Bxe5 Nxe4) 23. Qxe4 {White is clearly winning.} Bf7 {[#]} (23... Qd8 $142 24. Bxh6 fxe5 25. Bxg7 Bxg7) 24. Nxf6+ $1 gxf6 {[#]} 25. Re3 $1 {Accuracy: White = 45%, Black = 25%.} 1-0

[Event "RUS-chT Premier 2019"]
[Site "Sochi"]
[Date "2019.05.03"]
[Round "3.12"]
[White "Lomasov, Semyon"]
[Black "Gordievsky, Dmitry"]
[Result "1/2-1/2"]
[WhiteElo "2541"]
[BlackElo "2585"]
[Annotator "ChessBase"]
[PlyCount "86"]
[EventDate "2019.05.01"]
[EventType "team-tourn"]
[EventCountry "RUS"]
[SourceTitle "playchess.com"]
[Source "ChessBase"]
[SourceQuality "1"]
[TimeControl "40/5400+30:1800+30"]

1. e4 {[%emt 0:00:00]} c5 {[%emt 0:00:00]} 2. Nf3 {[%emt 0:00:00]} Nc6 {[%emt 0:00:00]} 3. Bb5 {[%emt 0:00:00]} g6 {[%emt 0:00:00]} 4. Bxc6 {[%emt 0:00:00]} dxc6 {[%emt 0:00:08]} 5. d3 {[%emt 0:00:00]} Bg7 {[%emt 0:00:33]} 6. O-O {[%emt 0:00:25]} Nf6 {[%emt 0:01:26]} 7. a4 {[%emt 0:01:19]} O-O {[%emt 0:05:43]} 8. Nc3 {[%emt 0:08:22]} Bg4 {[%emt 0:03:45]} 9. h3 {[%emt 0:00:21]} Bxf3 {[%emt 0:00:11]} 10. Qxf3 {[%emt 0:00:04]} Nd7 {[%emt 0:05:34]} 11. Qg3 {[%emt 0:11:25]} e5 {[%emt 0:04:34]} 12. Bg5 {[%emt 0:13:29]} Qc7 {[%emt 0:07:17]} 13. Qh4 {[%emt 0:02:35]} Rfe8 {[%emt 0:11:50]} 14. Bh6 {[%emt 0:04:59]} Qd8 {[%emt 0:09:05]} 15. Qxd8 {[%emt 0:00:18]} Raxd8 {[%emt 0:00:12]} 16. Bxg7 {[%emt 0:08:54]} Kxg7 {[%emt 0:00:03]} 17. b3 {[%emt 0:00:09]} Nf8 {[%emt 0:03:31]} 18. f4 {[%emt 0:03:07]} exf4 {[%emt 0:03:14]} 19. Rxf4 {[%emt 0:00:43]} Ne6 {[%emt 0:00:12]} 20. Rf2 {[%emt 0:00:15]} Nd4 {[%emt 0:03:34]} 21. Raf1 {[%emt 0:04:12]} Rd7 {[%emt 0:00:49]} 22. g4 {[%emt 0:00:13]} b5 {[%emt 0:19:20]} 23. axb5 {[%emt 0:01:07]} cxb5 {[%emt 0:00:04]} 24. Nd5 {[%emt 0:00:32]} Re6 {[%emt 0:00:33]} 25. Ra1 {[%emt 0:16:22]} Nc6 {[%emt 0:04:05]} 26. g5 {[%emt 0:13:35]} h6 {[%emt 0:02:57]} 27. gxh6+ {[%emt 0:03:02]} Kxh6 {[%emt 0:00:34]} 28. Nf6 {[%emt 0:03:02]} Rb7 {[%emt 0:01:25]} 29. h4 {[%emt 0:00:31]} Kg7 {[%emt 0:02:34]} 30. h5 {[%emt 0:01:00]} a5 {[%emt 0:00:12]} 31. Raf1 {[%emt 0:02:01]} a4 {[%emt 0:04:39]} 32. bxa4 {[%emt 0:00:05]} bxa4 {[%emt 0:00:03]} 33. h6+ {[%emt 0:00:06]} Kxh6 {[%emt 0:02:08]} 34. Rh2+ {[%emt 0:00:07]} Kg7 {[%emt 0:00:38]} 35. Rh7+ {[%emt 0:00:05]} Kf8 {[%emt 0:00:03]} 36. Rh8+ {[%emt 0:00:31]} Ke7 {[%emt 0:01:19]} 37. Nd5+ {[%emt 0:00:06]} Kd6 {[%emt 0:00:25]} 38. Ra8 {[%emt 0:01:21]} f5 {[%emt 0:04:39]} 39. Rxa4 {[%emt 0:02:20]} fxe4 {[%emt 0:00:18]} 40. dxe4 {[%emt 0:00:00]} Nb4 {[%emt 0:00:00]} 41. Nxb4 {[%emt 0:08:42]} Rxb4 {[%emt 0:04:10]} 42. Rxb4 {[%emt 0:00:53]} cxb4 {[%emt 0:00:03]} 43. c3 {[%emt 0:00:04]} bxc3 {[%emt 0:00:25]} 1/2-1/2